000 00472nam a22001937a 4500
003 NUST
020 _a9693505956
038 _akhadija
082 _a891.4392
_bBAN
100 _aBano Qudsia
_988917
245 _aSuraj Mukhi /
_cBano Qudsia
260 _aLahore
_bSang e Meel
_c2010.
300 _b22cm
500 _aHardcover.
563 _aHB
880 _6100-01
_aبانو قدسیہ
880 _6245-02
_aسورج مکھی
_cبانو قدسیہ
942 _cBK
_2ddc
999 _c33073
_d33073